000 00447nam a2200193Ia 4500
008 210210b1962 xxu||||| |||| 00| 0 eng d
041 _aeng
082 _a513/125
100 _aPRASAD (Gorakh)
245 _aText book on differential calculus
260 _aAllahabad
_b-
_c1962
650 _aText
650 _aon
650 _adifferential
650 _acalculus
650 _abook
690 _aDifferential Calculus
906 _a007405
999 _c139896
_d139896